Real Exchange Rates and Commodity Prices
Enregistré dans:
| Auteur principal: | |
|---|---|
| Autres auteurs: | |
| Format: | Livre |
| Langue: | anglais |
| Publié: |
Washington
International Monetary Fund
1996
|
| Édition: | 1. ed. |
| Collection: | IMF Working Paper
27 |
| Sujets: | |
| Tags: |
Pas de tags, Soyez le premier à ajouter un tag!
|
MARC
| LEADER | 00000nam a2200000 4500 | ||
|---|---|---|---|
| 001 | c017403 | ||
| 005 | 20221205125604.0 | ||
| 041 | 0 | |a eng | |
| 044 | |a US | ||
| 245 | 1 | 0 | |a Real Exchange Rates and Commodity Prices |c Dominique Dupont, V. Hugo Juan-Ramon |
| 250 | |a 1. ed. | ||
| 264 | 1 | |a Washington |b International Monetary Fund |c 1996 | |
| 300 | |a 62 s. | ||
| 490 | 1 | |a IMF Working Paper |v 27 | |
| 830 | 0 | |a IMF Working Paper |v 27 | |
| 610 | 2 | 0 | |a kurz devízový |
| 610 | 2 | 0 | |a ceny devízové |
| 610 | 2 | 0 | |a komodity |
| 610 | 2 | 0 | |a trh devízový |
| 610 | 2 | 0 | |a modely regresné |
| 610 | 2 | 0 | |a klíring |
| 610 | 2 | 0 | |a obchod svetový |
| 610 | 2 | 0 | |a dolár |
| 610 | 2 | 0 | |a marka |
| 610 | 2 | 0 | |a jen |
| 100 | 1 | |a Dupont, Dominique | |
| 700 | 1 | |a Juan-Ramon, V. Hugo | |